Quiz about Nouvelle-Aquitaine (French region) - Statistics

General Stats
  • This quiz has been taken 22 times
    21 since last reset
  • The average score is 9 of 15
Answer Stats
Questions Answers % Correct
What is the capital of Nouvelle-Aquitaine ? Bordeaux
100%
How many departments are there ? 12
88%
Names a French region bordering the region Pays-de-la-Loire | Centre-Val-de-Loire | Auvergne-Rhône-Alpes | Occitanie
88%
What is the population (to the nearest million) ? 6.1 million
75%
What is the 2nd most populated city ? Limoges
69%
Names the only border country in the region Spain
69%
Which cave in Dordogne is famous for its rock paintings ? the Lascaux cave
69%
Which commune in Gironde is known for its basin at the entrance to which is the Pilat dune ? Arcachon
56%
Near which city did Charles Martel, the leader of the Franks, stop an Arab army in 732 ? Poitiers
56%
Which city is known for hosting the international comics festival ? Angoulême
50%
Which ceramic, invented in China, is produced in the 2nd most populated city ? porcelain
50%
Names a historic region of Nouvelle-Aquitaine Béarn | Charente | Gascogne | Guyenne | Limousin | Marche | Poitou
44%
What is the name of the gulf that borders this region ? the Bay of Biscay
31%
What is the name of the charcuterie from the south of Aquitaine ? Bayonne ham
6%
What is the name of the smallest commune in France ? (only 3.54 hectares) Castelmoron-d'Albret
6%
No matching quizzes found
Score Distribution
Percent of People with Each Score
Percentile by Number Answered
Your Score History
You have not taken this quiz since the last reset